| 000 -ლიდერი |
| ფიქსირებული სიგრძის საკონტროლო ველი |
00841nam a2200217Ia 4500 |
| 001 - საკონტროლო ნომერი |
| საკონტროლო ველი |
7422 |
| 003 - საკონტროლო ნომრის იდენტიფიკატორი |
| საკონტროლო ველი |
GE_BSU |
| 005 - ბოლო ოპერაციის თარიღი და დრო |
| საკონტროლო ველი |
20231204165458.0 |
| 008 - ფიქსირებული სიგრძის მონაცემთა ელემენტები - ზოგადი ინფორმაცია |
| ფიქსირებული სიგრძის საკონტროლო ველი |
181216s1956||||ge |||||||||||||| ||geo|| |
| 040 ## - კატალოგიზაციის წყარო |
| Transcribing agency |
GE_BSU |
| 041 ## - ენის კოდი |
| Language code of text/sound track or separate title |
geo |
| 080 ## - უნივერსალური ათობითი კლასიფიკაციის ინდექსი |
| Universal Decimal Classification number |
82-93 დ-16 |
| 100 ## - მთავარი ჩანაწერი - პიროვნების სახელი |
| Personal name |
დათუაშვილი, გიორგი |
| 9 (RLIN) |
20572 |
| 245 ## - ცნობა სათაურის შესახებ |
| Title |
მომღერალი ქვიშა : |
| Remainder of title |
მოთხრობები / |
| Statement of responsibility, etc |
გიორგი დათუაშვილი ; ნ. კეცხოველი. |
| 264 ## - წარმოების, გამოცემის, დისტრიბუციის და სხვა ცნობები |
| გამოცემის, წარმოების, დისტრიბუციის... ადგილი |
თბილისი : |
| გამოცემის, წარმოების, დისტრიბუციის... სახელწოდება |
საბლიტგამი, |
| გამოცემის, წარმოების, დისტრიბუციის... თარიღი |
1956. |
| 300 ## - ფიზიკური აღწერა |
| Extent |
72 გვ. ; |
| Dimensions |
22 სმ. |
| 653 ## - INDEX TERM--UNCONTROLLED |
| Uncontrolled term |
მოთხრობები |
| 653 ## - INDEX TERM--UNCONTROLLED |
| Uncontrolled term |
მომღერალი ქვიშა |
| 700 ## - ADDED ENTRY--PERSONAL NAME |
| Personal name |
კეცხოველი, ნ. |
| Relator term |
რედაქტორი |
| 9 (RLIN) |
20573 |
| 942 ## - ADDED ENTRY ELEMENTS (KOHA) |
| Koha item type |
წიგნი |
| Source of classification or shelving scheme |
|